000
00307nam a22001457a 4500
008
230522b ||||| |||| 00| 0 eng d
020
_a
9782757828984
041
_a
FRA
080
_a
82
082
_a
82PAN
100
_a
38
101
_a
GJL
245
_a
UNE SI BELLE IMAGE
_c
PANCOL.K
942
_2
udc
_c
BK
999
_c
59785
_d
59785